Selling today <an> extension of the marketing concept

Na minha lista:
Detalhes bibliográficos
Autor principal: Manning, Gerald L.
Outros Autores: Reece, Barry L.
Formato: Livro
Idioma:inglês
Publicado em: Boston Allyn and Bacon 1992
Edição:5. ed.
Colecção:Annotated Instructor's Edition
Assuntos:
Tags: Adicionar Tag
Sem tags, seja o primeiro a adicionar uma tag!

MARC

LEADER 00000nam a2200000 4500
001 c100717
005 20221123102354.1
020 |a 0-205-13725-3 
041 0 |a eng 
044 |a US 
245 1 0 |a Selling today  |b <an> extension of the marketing concept  |c Gerald L. Manning, Barry L. Reece 
250 |a 5. ed. 
264 1 |a Boston  |b Allyn and Bacon  |c 1992 
300 |a 601 s.  |e 1 disketa 
490 1 |a Annotated Instructor's Edition 
830 0 |a Annotated Instructor's Edition 
610 2 0 |a predaj 
610 2 0 |a predajcovia 
610 2 0 |a kariéra 
610 2 0 |a príležitosť pracovná 
610 2 0 |a proces pracovný 
610 2 0 |a vzťahy pracovné 
610 2 0 |a vzťahy spoločenské 
610 2 0 |a správanie spotrebiteľa 
610 2 0 |a riadenie predaja 
610 2 0 |a zástupcovia obchodní 
610 2 0 |a politika obchodná 
610 2 0 |a činiteľ ľudský 
610 2 0 |a voľba povolania 
100 1 |a Manning, Gerald L. 
700 1 |a Reece, Barry L.